00612pab a2200181 454500008004000000100001700040245008100057260000900138300001300147362001100160650005600171650003100227773003400258908000600292909001000298999001700308952010500325180718b2009 xxu||||| |||| 00| 0 eng d aDeb, Surajit aPublic distribution of rice in Andhra Pradesh: efficiency and reform options c2009 ap.70-77. a19 Dec aPublic distribution system - India - Andhra Pradesh aPublic distribution system aEconomic and Political Weekly aN a85181 c85181d85181 00104070aIIPAbIIPAd2018-07-19hVolume no: 44, Issue no: 51pAR85641r2018-07-19w2018-07-19yAR